| Tag |
First Indicator |
Second Indicator |
Subfields |
| LEADER |
00000cam a22000004a 4500 |
| 001 |
in00002007397 |
| 005 |
20151031141629.0 |
| 008 |
041018s2004 enka b 100 0 eng c |
| 020 |
|
|
|a 1841713732
|
| 035 |
|
|
|a (OCoLC)ocm56934501
|
| 040 |
|
|
|a CSt
|c STF
|d TXA
|d UtOrBLW
|
| 042 |
|
|
|a pcc
|
| 049 |
|
|
|a TXAM
|
| 050 |
|
4 |
|a NK1548
|b .C54 2004
|
| 100 |
1 |
|
|a Cleland, Liza.
|
| 245 |
1 |
0 |
|a Colour in the ancient Mediterranean world /
|c Liza Cleland and Karen Stears with Glenys Davies.
|
| 264 |
|
1 |
|a Oxford, England :
|b John and Erica Hedges,
|c 2004.
|
| 300 |
|
|
|a iv, 154 pages :
|b illustrations (some color) ;
|c 30 cm.
|
| 336 |
|
|
|a text
|b txt
|2 rdacontent
|
| 337 |
|
|
|a unmediated
|b n
|2 rdamedia
|
| 338 |
|
|
|a volume
|b nc
|2 rdacarrier
|
| 490 |
1 |
|
|a BAR International series ;
|v 1267
|
| 500 |
|
|
|a Papers from the international conference "Colours in Antiquity" held Sept. 2001 at Edinburgh University.
|
| 650 |
|
0 |
|a Color decoration and ornament
|z Mediterranean Region
|v Congresses.
|
| 650 |
|
0 |
|a Art, Ancient
|z Mediterranean Region
|v Congresses.
|
| 700 |
1 |
|
|a Stears, Karen.
|
| 700 |
1 |
|
|a Davies, Glenys.
|
| 830 |
|
0 |
|a BAR international series ;
|v 1267.
|
| 994 |
|
|
|a C0
|b TXA
|
| 948 |
|
|
|a cataloged
|b h
|c 2004/11/15
|d c
|e blrosas
|f 12:20:37 pm
|
| 999 |
|
|
|a MARS
|
| 999 |
f |
f |
|s 3d4a8eee-c120-3d5a-a86f-d6c6f1be35a8
|i 16143cd1-c767-3113-a5fe-ba816c7fb07d
|t 0
|
| 952 |
f |
f |
|p normal
|a Texas A&M University
|b College Station
|c Sterling C. Evans Library
|d Evans: Library Stacks
|t 0
|e NK1548 .C54 2004
|h Library of Congress classification
|i unmediated -- volume
|m A14831602743
|
| 998 |
f |
f |
|a NK1548 .C54 2004
|t 0
|l Evans: Library Stacks
|